| 000 | 00386nam a22001337a 4500 | ||
|---|---|---|---|
| 005 | 20260313121415.0 | ||
| 008 | 260313b |||||||| |||| 00| 0 eng d | ||
| 040 | _cFLL | ||
| 041 |
_2eng _aeng |
||
| 100 |
_aReyaz, Shahood _91131921 |
||
| 245 |
_a Free Speech and Expression VIS-A-VIS Contempt of Court _bA Critical Analysis |
||
| 260 |
_aDU _c2024 _bFaculty of Law |
||
| 942 |
_2CC _cDIS |
||
| 999 |
_c1715298 _d1715298 |
||